[Event "Iran Chess Championship Semi Final 2015 "]
[Site "Rasht , Iran"]
[Date "2015.12.15"]
[Round "4"]
[Board "7"]
[White "Sadeh, Shahin"]
[Black "Khamisi, S Jafar"]
[Result "0-1"]
[WhiteElo "2284"]
[BlackElo "2224"]
[PlyCount "0"]
[EventDate "2015.12.13"]
[EventRounds "9"]
[EventCountry "IRI"]

1. g3 d5 {[%clk 1:29:34]} 2. Bg2 {[%clk 1:18:58]} Nf6 {[%clk 1:29:26]} 3. d3
{[%clk 1:19:24]} g6 {[%clk 1:26:41]} 4. Nf3 {[%clk 1:18:48]} Bg7 {[%clk 1:26:55]}
5. O-O {[%clk 1:19:14]} O-O {[%clk 1:27:18]} 6. Nbd2 {[%clk 1:18:44]} c5
{[%clk 1:24:18]} 7. e4 {[%clk 1:17:40]} Nc6 {[%clk 1:22:49]} 8. c3
{[%clk 1:16:46]} b6 {[%clk 1:16:01]} 9. Re1 {[%clk 1:05:20]} Bb7 {[%clk 0:56:15]}
10. e5 {[%clk 1:01:44]} Ne8 {[%clk 0:55:24]} 11. Nf1 {[%clk 0:59:40]} Nc7
{[%clk 0:54:33]} 12. h4 {[%clk 0:59:06]} d4 {[%clk 0:53:56]} 13. c4
{[%clk 0:57:26]} Ne6 {[%clk 0:49:15]} 14. N1h2 {[%clk 0:53:57]} Qc7
{[%clk 0:48:22]} 15. Qe2 {[%clk 0:51:00]} Rae8 {[%clk 0:45:08]} 16. h5
{[%clk 0:47:33]} Bc8 {[%clk 0:32:22]} 17. Bd2 {[%clk 0:32:29]} Bd7
{[%clk 0:27:52]} 18. a3 {[%clk 0:29:38]} a5 {[%clk 0:21:49]} 19. b3
{[%clk 0:27:35]} Rb8 {[%clk 0:18:56]} 20. Ng4 {[%clk 0:27:29]} b5
{[%clk 0:16:45]} 21. cxb5 {[%clk 0:19:21]} Rxb5 {[%clk 0:17:08]} 22. Rab1
{[%clk 0:19:45]} Qb6 {[%clk 0:14:16]} 23. hxg6 {[%clk 0:14:50]} hxg6
{[%clk 0:12:44]} 24. Nh6+ {[%clk 0:11:42]} Kh7 {[%clk 0:11:27]} 25. Qe4
{[%clk 0:11:24]} Bxh6 {[%clk 0:09:58]} 26. Qh4 {[%clk 0:11:52]} Rh8
{[%clk 0:09:56]} 27. Bxh6 {[%clk 0:12:11]} Kg8 {[%clk 0:10:08]} 28. Nd2
{[%clk 0:10:58]} Ng7 {[%clk 0:08:21]} 29. g4 {[%clk 0:08:20]} Qc7
{[%clk 0:06:36]} 30. Bd5 {[%clk 0:05:46]} Be6 {[%clk 0:03:56]} 31. Bc4
{[%clk 0:02:26]} Rb7 {[%clk 0:02:54]} 32. f4 {[%clk 0:02:48]} Nd8
{[%clk 0:02:00]} 33. Ne4 {[%clk 0:01:54]} Qc6 {[%clk 0:01:06]} 34. Kf2
{[%clk 0:01:23]} Bxc4 {[%clk 0:01:15]} 35. bxc4 {[%clk 0:01:34]} Nde6
{[%clk 0:01:21]} 36. Rxb7 {[%clk 0:00:55]} Qxb7 {[%clk 0:01:47]} 37. f5
{[%clk 0:01:11]} Nf4 {[%clk 0:01:51]} 38. Qg3 {[%clk 0:00:56]} Qb2+
{[%clk 0:01:43]} 39. Kf3 {[%clk 0:00:49]} Nxd3 {[%clk 0:01:50]} 40. Re2
{[%clk 0:00:53]} Qb1 {[%clk 0:02:02]} 41. Nf2 {[%clk 0:00:39]} Rxh6
{[%clk 0:02:01]} 42. e6 {[%clk 0:01:01]} fxe6 {[%clk 0:02:01]} 43. g5
{[%clk 0:01:15]} Nxf5 {[%clk 0:02:09]} 44. Qc7 {[%clk 0:01:42]} Nh4+
{[%clk 0:01:47]} 0-1

[Event "Iran Chess Championship Semi Final 2015 "]
[Site "Rasht , Iran"]
[Date "2015.12.15"]
[Round "4"]
[Board "8"]
[White "Rostami, Rouzbeh"]
[Black "Soozankar, A.M."]
[Result "1/2-1/2"]
[WhiteElo "2150"]
[BlackElo "2321"]
[PlyCount "0"]
[EventDate "2015.12.13"]
[EventRounds "9"]
[EventCountry "IRI"]

1. e4 {[%clk 1:25:25]} e6 {[%clk 1:30:53]} 2. d4 {[%clk 1:25:38]} d5
{[%clk 1:31:20]} 3. Nc3 {[%clk 1:25:56]} Bb4 {[%clk 1:31:45]} 4. e5
{[%clk 1:26:16]} c5 {[%clk 1:32:09]} 5. a3 {[%clk 1:26:39]} Bxc3+
{[%clk 1:32:34]} 6. bxc3 {[%clk 1:27:00]} Ne7 {[%clk 1:33:00]} 7. Qg4
{[%clk 1:27:19]} O-O {[%clk 1:32:28]} 8. Bd3 {[%clk 1:27:38]} Nbc6
{[%clk 1:32:48]} 9. Qh5 {[%clk 1:27:14]} Ng6 {[%clk 1:33:13]} 10. Nf3
{[%clk 1:27:29]} Nce7 {[%clk 1:31:21]} 11. h4 {[%clk 1:18:22]} Qe8
{[%clk 1:16:11]} 12. Be3 {[%clk 1:03:39]} c4 {[%clk 1:15:51]} 13. Bxg6 fxg6
{[%clk 1:16:11]} 14. Qg4 {[%clk 1:04:11]} h6 {[%clk 1:11:09]} 15. Ng1
{[%clk 1:00:17]} Bd7 {[%clk 1:05:57]} 16. Qh3 {[%clk 0:52:11]} Qf7
{[%clk 1:02:48]} 17. Kd2 {[%clk 0:50:34]} Nf5 {[%clk 1:00:02]} 18. Ne2
{[%clk 0:46:18]} Ba4 {[%clk 0:53:15]} 19. Nf4 {[%clk 0:34:23]} Rae8
{[%clk 0:52:50]} 20. Raf1 {[%clk 0:30:01]} Nxh4 {[%clk 0:50:17]} 21. Nxe6
{[%clk 0:28:56]} Rxe6 {[%clk 0:45:59]} 22. Qxh4 {[%clk 0:29:18]} Bxc2
{[%clk 0:41:52]} 23. Bxh6 {[%clk 0:29:37]} Ba4 {[%clk 0:41:20]} 24. Be3
{[%clk 0:24:53]} Qf5 {[%clk 0:41:36]} 25. Rc1 {[%clk 0:25:19]} Rb6
{[%clk 0:29:53]} 26. Ke1 {[%clk 0:25:27]} Qd3 {[%clk 0:27:00]} 27. Qh3
{[%clk 0:02:35]} Rb2 {[%clk 0:10:43]} 28. Qe6+ {[%clk 0:02:37]} Rf7
{[%clk 0:11:10]} 29. Qc8+ {[%clk 0:02:51]} Rf8 {[%clk 0:11:36]} 1/2-1/2

[Event "Iran Chess Championship Semi Final 2015 "]
[Site "Rasht , Iran"]
[Date "2015.12.15"]
[Round "4"]
[Board "9"]
[White "Mosadeghpour, Masoud"]
[Black "Mari Ooriad, Pouya"]
[Result "1/2-1/2"]
[WhiteElo "2479"]
[BlackElo "2215"]
[PlyCount "0"]
[EventDate "2015.12.13"]
[EventRounds "9"]
[EventCountry "IRI"]

1. e4 {[%clk 1:27:34]} c5 {[%clk 1:29:12]} 2. Nf3 {[%clk 1:27:44]} e6
{[%clk 1:29:35]} 3. d4 {[%clk 1:28:08]} cxd4 {[%clk 1:29:57]} 4. c3
{[%clk 1:28:34]} Nf6 {[%clk 1:26:06]} 5. e5 {[%clk 1:28:46]} Nd5 {[%clk 1:26:13]}
6. cxd4 {[%clk 1:29:14]} d6 {[%clk 1:26:06]} 7. a3 {[%clk 1:29:38]} Be7
{[%clk 1:17:53]} 8. Bd3 {[%clk 1:29:24]} Nd7 {[%clk 1:15:12]} 9. O-O
{[%clk 1:28:28]} O-O {[%clk 1:12:17]} 10. Qc2 {[%clk 1:26:24]} h6
{[%clk 1:11:10]} 11. Nc3 {[%clk 1:24:55]} Nxc3 {[%clk 1:10:14]} 12. Qxc3
{[%clk 1:25:07]} dxe5 {[%clk 1:07:57]} 13. dxe5 {[%clk 1:25:01]} b6
{[%clk 0:35:19]} 14. Rd1 {[%clk 0:56:20]} Bb7 {[%clk 0:29:57]} 15. Bc2
{[%clk 0:53:06]} Re8 {[%clk 0:20:01]} 16. Nd4 {[%clk 0:47:01]} Rc8
{[%clk 0:16:28]} 17. Qh3 {[%clk 0:41:47]} Bd5 {[%clk 0:07:01]} 18. Bxh6
{[%clk 0:37:55]} gxh6 {[%clk 0:04:51]} 19. Qxh6 {[%clk 0:37:30]} Rxc2
{[%clk 0:05:01]} 20. Rd3 {[%clk 0:34:21]} Nxe5 {[%clk 0:04:37]} 21. Rg3+
{[%clk 0:27:39]} Ng6 {[%clk 0:04:48]} 22. Nxc2 {[%clk 0:28:08]} Bf8
{[%clk 0:04:52]} 23. Qh5 {[%clk 0:27:19]} Qf6 {[%clk 0:04:07]} 24. Ne3
{[%clk 0:27:07]} Bg7 {[%clk 0:04:14]} 25. Re1 {[%clk 0:25:24]} Rd8
{[%clk 0:02:43]} 26. b4 {[%clk 0:24:25]} Kf8 {[%clk 0:02:47]} 27. Rg4
{[%clk 0:22:52]} Bb7 {[%clk 0:02:27]} 28. Rc4 {[%clk 0:21:48]} Nf4
{[%clk 0:01:33]} 29. Qh7 {[%clk 0:20:16]} Nd5 {[%clk 0:00:52]} 30. Ng4
{[%clk 0:19:30]} Qg5 {[%clk 0:01:05]} 31. Qe4 {[%clk 0:16:26]} Qf5
{[%clk 0:00:53]} 32. Qxf5 {[%clk 0:13:01]} exf5 {[%clk 0:01:21]} 33. Ne5
{[%clk 0:13:30]} Bf6 {[%clk 0:00:35]} 34. Nf3 {[%clk 0:12:54]} Re8
{[%clk 0:00:34]} 35. Rd1 {[%clk 0:10:57]} Nc3 {[%clk 0:00:51]} 36. Rd6
{[%clk 0:10:04]} Ne2+ {[%clk 0:00:50]} 37. Kh1 {[%clk 0:09:57]} Bg7
{[%clk 0:00:33]} 38. Rd7 {[%clk 0:09:53]} Bxf3 {[%clk 0:00:53]} 39. gxf3
{[%clk 0:10:21]} Be5 {[%clk 0:01:01]} 40. b5 {[%clk 0:06:04]} Kg7
{[%clk 0:01:16]} 41. Kg2 {[%clk 0:02:57]} Rh8 {[%clk 0:01:09]} 42. Kf1
{[%clk 0:01:38]} Nf4 {[%clk 0:01:23]} 43. Kg1 {[%clk 0:01:12]} Ne2+
{[%clk 0:01:28]} 44. Kf1 {[%clk 0:01:36]} Nf4 {[%clk 0:01:53]} 45. Rxa7
{[%clk 0:00:33]} Rxh2 {[%clk 0:01:59]} 46. Ke1 {[%clk 0:01:02]} Nd3+
{[%clk 0:01:58]} 47. Ke2 {[%clk 0:00:38]} Nxf2 {[%clk 0:01:32]} 48. a4
{[%clk 0:00:32]} Ne4+ {[%clk 0:01:05]} 49. Ke3 {[%clk 0:00:41]} Nd6
{[%clk 0:01:00]} 50. Rc6 {[%clk 0:00:36]} f4+ {[%clk 0:01:04]} 51. Kd3
{[%clk 0:01:01]} Rf2 {[%clk 0:01:11]} 52. Rd7 {[%clk 0:00:31]} Rxf3+
{[%clk 0:01:23]} 53. Kc2 {[%clk 0:00:32]} Rf2+ {[%clk 0:00:50]} 54. Kd3
{[%clk 0:00:35]} Rf3+ {[%clk 0:01:15]} 55. Kc2 {[%clk 0:01:02]} Nf5
{[%clk 0:00:46]} 56. Rxb6 {[%clk 0:01:26]} Ra3 {[%clk 0:00:50]} 57. Rbb7
{[%clk 0:01:05]} Nd4+ {[%clk 0:00:37]} 58. Kd2 {[%clk 0:00:46]} Nf3+
{[%clk 0:00:46]} 59. Kd1 {[%clk 0:00:33]} Ng5 {[%clk 0:01:04]} 60. Rd5
{[%clk 0:01:02]} Kf6 {[%clk 0:01:18]} 61. b6 {[%clk 0:00:31]} Ne4
{[%clk 0:01:06]} 62. Rxf7+ {[%clk 0:00:31]} Ke6 {[%clk 0:00:43]} 63. Rxe5+
{[%clk 0:00:38]} Kxe5 {[%clk 0:01:11]} 64. b7 {[%clk 0:00:46]} Rb3
{[%clk 0:01:30]} 65. a5 {[%clk 0:00:38]} Nc5 {[%clk 0:01:43]} 66. Kc2
{[%clk 0:00:38]} Rb5 {[%clk 0:02:12]} 67. Rh7 {[%clk 0:00:33]} Ke4
{[%clk 0:02:04]} 68. Rh5 {[%clk 0:00:34]} Rxb7 {[%clk 0:01:31]} 69. Rxc5
{[%clk 0:00:56]} Ke3 {[%clk 0:01:33]} 70. Re5+ {[%clk 0:00:59]} Kf2
{[%clk 0:01:53]} 71. Kc3 {[%clk 0:01:05]} f3 {[%clk 0:02:02]} 72. Kc4
{[%clk 0:01:25]} Kg2 {[%clk 0:02:19]} 73. Rg5+ {[%clk 0:01:39]} Kf1
{[%clk 0:02:37]} 74. Rf5 {[%clk 0:01:37]} f2 {[%clk 0:02:45]} 75. a6
{[%clk 0:01:58]} Re7 {[%clk 0:02:12]} 76. Kb5 {[%clk 0:01:44]} Ke2
{[%clk 0:02:00]} 1/2-1/2

[Event "Iran Chess Championship Semi Final 2015 "]
[Site "Rasht , Iran"]
[Date "2015.12.15"]
[Round "4"]
[Board "10"]
[White "Lorparizangeneh, Shahin"]
[Black "Roohi, Abdolmajid"]
[Result "1-0"]
[WhiteElo "2454"]
[BlackElo "2201"]
[PlyCount "0"]
[EventDate "2015.12.13"]
[EventRounds "9"]
[EventCountry "IRI"]

1. c4 {[%clk 1:30:32]} e6 {[%clk 1:30:04]} 2. d4 {[%clk 1:29:44]} f5
{[%clk 1:30:17]} 3. g3 {[%clk 1:27:45]} Nf6 {[%clk 1:30:11]} 4. Bg2
{[%clk 1:28:07]} Be7 {[%clk 1:30:25]} 5. Nf3 {[%clk 1:27:12]} d6 {[%clk 1:30:31]}
6. O-O {[%clk 1:27:10]} O-O {[%clk 1:30:50]} 7. Nc3 {[%clk 1:27:31]} Ne4
{[%clk 1:31:12]} 8. Nxe4 {[%clk 1:10:04]} fxe4 {[%clk 1:31:27]} 9. Nd2
{[%clk 1:10:24]} d5 {[%clk 1:31:46]} 10. f3 {[%clk 1:10:29]} c5 {[%clk 1:21:13]}
11. fxe4 {[%clk 1:06:31]} dxc4 {[%clk 1:14:56]} 12. Rxf8+ Bxf8 {[%clk 1:15:18]}
13. d5 {[%clk 0:59:12]} b5 {[%clk 1:01:40]} 14. a4 {[%clk 0:57:40]} Nd7
{[%clk 0:57:16]} 15. axb5 {[%clk 0:56:09]} Nb6 {[%clk 0:57:08]} 16. Qc2
{[%clk 0:51:56]} Bd7 {[%clk 0:47:29]} 17. Nxc4 {[%clk 0:47:27]} Bxb5
{[%clk 0:47:13]} 18. b3 {[%clk 0:47:21]} Bxc4 {[%clk 0:38:06]} 19. bxc4
{[%clk 0:47:49]} e5 {[%clk 0:38:20]} 20. Ra6 {[%clk 0:44:57]} Bd6
{[%clk 0:32:38]} 21. h4 {[%clk 0:43:03]} h6 {[%clk 0:29:48]} 22. Qa2
{[%clk 0:41:52]} Qc7 {[%clk 0:29:42]} 23. Bh3 {[%clk 0:41:33]} Kh7
{[%clk 0:29:34]} 24. Be6 {[%clk 0:39:50]} Qb7 {[%clk 0:27:08]} 25. Be3
{[%clk 0:38:15]} Qc7 {[%clk 0:27:09]} 26. Qa5 {[%clk 0:35:51]} Nxc4
{[%clk 0:17:03]} 27. Qxc7 {[%clk 0:36:07]} Bxc7 {[%clk 0:17:31]} 28. Bxc5
{[%clk 0:33:05]} Bb6 {[%clk 0:17:43]} 29. Bxb6 {[%clk 0:33:24]} Nxb6
{[%clk 0:18:11]} 30. d6 {[%clk 0:33:02]} Kg6 {[%clk 0:15:01]} 31. d7
{[%clk 0:31:22]} Kf6 {[%clk 0:11:16]} 32. Rxa7 {[%clk 0:31:41]} Rd8
{[%clk 0:11:39]} 33. Bf5 {[%clk 0:22:32]} Ke7 {[%clk 0:11:42]} 34. Kf2
{[%clk 0:20:16]} Nc4 {[%clk 0:09:46]} 35. Kf3 {[%clk 0:15:02]} Nd6
{[%clk 0:09:14]} 36. Kg4 {[%clk 0:14:54]} Nf7 {[%clk 0:04:55]} 37. Kh5
{[%clk 0:13:25]} Kf8 {[%clk 0:04:26]} 38. Rc7 {[%clk 0:12:49]} Nh8
{[%clk 0:04:01]} 39. Rc8 {[%clk 0:12:32]} Ke7 {[%clk 0:04:29]} 40. Bh3
{[%clk 0:12:47]} 1-0

[Event "Iran Chess Championship Semi Final 2015 "]
[Site "Rasht , Iran"]
[Date "2015.12.15"]
[Round "4"]
[Board "11"]
[White "Bagheri, Maziar"]
[Black "Tahbaz, Arash"]
[Result "1-0"]
[WhiteElo "2237"]
[BlackElo "2297"]
[PlyCount "0"]
[EventDate "2015.12.13"]
[EventRounds "9"]
[EventCountry "IRI"]

1. Nf3 {[%clk 1:30:52]} Nf6 {[%clk 1:30:38]} 2. c4 {[%clk 1:31:16]} g6
{[%clk 1:30:56]} 3. Nc3 {[%clk 1:31:41]} Bg7 {[%clk 1:31:22]} 4. e4
{[%clk 1:32:05]} d6 {[%clk 1:31:48]} 5. d4 {[%clk 1:32:30]} O-O {[%clk 1:32:12]}
6. Be2 {[%clk 1:32:57]} e5 {[%clk 1:32:36]} 7. O-O {[%clk 1:33:23]} Nc6
{[%clk 1:33:02]} 8. d5 {[%clk 1:33:48]} Ne7 {[%clk 1:33:29]} 9. b4
{[%clk 1:34:12]} a5 {[%clk 1:33:52]} 10. bxa5 {[%clk 1:32:50]} Rxa5
{[%clk 1:34:04]} 11. Nd2 {[%clk 1:32:48]} c5 {[%clk 1:34:22]} 12. a4
{[%clk 1:30:27]} Ra6 {[%clk 1:33:41]} 13. Ra3 {[%clk 1:30:48]} Nd7
{[%clk 1:32:39]} 14. Nb5 {[%clk 1:30:15]} f5 {[%clk 1:32:11]} 15. exf5
{[%clk 1:16:27]} gxf5 {[%clk 1:23:02]} 16. Nf3 {[%clk 1:14:43]} h6
{[%clk 1:05:22]} 17. Kh1 {[%clk 1:08:30]} Nf6 {[%clk 1:00:44]} 18. Nh4
{[%clk 1:06:36]} f4 {[%clk 0:49:57]} 19. Qc2 {[%clk 1:06:32]} Ng4
{[%clk 0:46:37]} 20. Bd3 {[%clk 0:58:45]} h5 {[%clk 0:37:17]} 21. h3
{[%clk 0:52:00]} Nh6 {[%clk 0:37:11]} 22. Qd1 {[%clk 0:52:23]} Nef5
{[%clk 0:35:00]} 23. Nxf5 {[%clk 0:48:48]} Bxf5 {[%clk 0:35:15]} 24. Bxf5
{[%clk 0:49:04]} Rxf5 {[%clk 0:34:46]} 25. Nc3 {[%clk 0:39:40]} f3
{[%clk 0:30:00]} 26. g3 {[%clk 0:38:24]} Qd7 {[%clk 0:27:35]} 27. Ne4
{[%clk 0:38:07]} Rf4 {[%clk 0:19:30]} 28. Ng5 {[%clk 0:38:10]} Rxc4
{[%clk 0:19:40]} 29. Qd3 {[%clk 0:37:22]} Bf6 {[%clk 0:14:38]} 30. Ne6
{[%clk 0:37:15]} Rxc1 {[%clk 0:14:44]} 31. Rxc1 {[%clk 0:36:20]} Qf7
{[%clk 0:14:48]} 32. Rb1 {[%clk 0:36:10]} Ra7 {[%clk 0:14:10]} 33. Qe4
{[%clk 0:36:01]} Qh7 {[%clk 0:14:26]} 34. Qxh7+ {[%clk 0:36:20]} Kxh7
{[%clk 0:14:55]} 35. Rxf3 {[%clk 0:36:40]} Kg6 {[%clk 0:15:25]} 36. Nf8+
{[%clk 0:34:44]} Kg7 {[%clk 0:15:45]} 37. Nd7 {[%clk 0:34:59]} Be7
{[%clk 0:15:34]} 38. Nb6 {[%clk 0:35:21]} Bg5 {[%clk 0:13:01]} 39. h4
{[%clk 0:34:09]} Bf6 {[%clk 0:12:22]} 40. Nc8 {[%clk 0:33:31]} Rxa4
{[%clk 0:12:51]} 41. Nxd6 {[%clk 0:33:44]} e4 {[%clk 0:13:10]} 42. Ne8+
{[%clk 0:34:04]} 1-0

[Event "Iran Chess Championship Semi Final 2015 "]
[Site "Rasht , Iran"]
[Date "2015.12.15"]
[Round "4"]
[Board "12"]
[White "Darini, Pouria"]
[Black "Galehdari, Bardia"]
[Result "1-0"]
[WhiteElo "2500"]
[BlackElo "2141"]
[PlyCount "0"]
[EventDate "2015.12.13"]
[EventRounds "9"]
[EventCountry "IRI"]

1. e4 e5 2. Nf3 Nc6 3. Bb5 a6 4. Ba4 Nf6 5. O-O Be7 6. d3 b5 7. Bb3 O-O 8. Nc3 d6
9. a3 Bg4 10. Be3 Nd4 11. Bxd4 exd4 12. Nd5 Nxd5 13. Bxd5 Rb8 14. h3 Bxf3 15.
Qxf3 Bf6 16. a4 b4 17. a5 Qd7 18. Bc4 Ra8 19. Rfe1 c6 20. Qg3 d5 21. Bb3 Rfe8 22.
exd5 Rxe1+ 23. Rxe1 cxd5 24. Qf3 Rc8 25. Bxd5 Rxc2 26. Bc4 h6 27. Bxa6 Rc5 28.
Qa8+ Bd8 29. Qb8 Rxa5 30. Bc8 Rb5 31. Qa8 Qd5 32. Re8+ Kh7 33. Bb7 Rxb7 34. Rxd8
Qc6 35. Rh8+ Kg6 36. Rc8 Qb6 37. Rc4 Re7 38. Rc6+ 1-0

[Event "Iran Chess Championship Semi Final 2015 "]
[Site "Rasht , Iran"]
[Date "2015.12.15"]
[Round "5"]
[Board "1"]
[White "Tabatabaei, M.Amin"]
[Black "Javanbakht, Nima"]
[Result "1/2-1/2"]
[WhiteElo "2482"]
[BlackElo "2410"]
[PlyCount "0"]
[EventDate "2015.12.13"]
[EventRounds "9"]
[EventCountry "IRI"]

1. d4 {[%clk 1:30:58]} d5 {[%clk 1:29:52]} 2. c4 {[%clk 1:31:23]} e6
{[%clk 1:30:00]} 3. Nc3 {[%clk 1:31:41]} Be7 {[%clk 1:30:13]} 4. Nf3
{[%clk 1:31:57]} Nf6 {[%clk 1:30:39]} 5. Bf4 {[%clk 1:32:19]} O-O
{[%clk 1:29:51]} 6. e3 {[%clk 1:32:41]} b6 {[%clk 1:29:30]} 7. cxd5
{[%clk 1:31:58]} Nxd5 {[%clk 1:28:05]} 8. Nxd5 {[%clk 1:32:17]} exd5
{[%clk 1:22:23]} 9. Be2 {[%clk 1:31:49]} c5 {[%clk 1:20:37]} 10. O-O
{[%clk 1:31:53]} Bb7 {[%clk 1:20:23]} 11. dxc5 {[%clk 1:30:03]} bxc5
{[%clk 1:20:25]} 12. Rc1 {[%clk 1:29:07]} Nd7 {[%clk 1:18:16]} 13. Qc2
{[%clk 1:29:01]} Qb6 {[%clk 1:14:04]} 14. Rfd1 {[%clk 1:28:54]} Rfe8
{[%clk 1:09:22]} 15. b3 {[%clk 1:27:02]} a5 {[%clk 1:05:31]} 16. Bd3
{[%clk 1:21:14]} Nf8 {[%clk 1:01:50]} 17. a4 {[%clk 1:18:01]} Rac8
{[%clk 0:58:09]} 18. Bf5 {[%clk 1:14:02]} Rcd8 {[%clk 0:55:22]} 19. Be5
{[%clk 1:11:30]} g6 {[%clk 0:50:23]} 20. Bd3 {[%clk 1:10:06]} Rc8
{[%clk 0:49:52]} 21. Bb5 {[%clk 1:03:11]} Red8 {[%clk 0:49:36]} 22. Qb2
{[%clk 1:03:05]} Ne6 {[%clk 0:46:58]} 23. Bf6 {[%clk 1:01:36]} Qc7
{[%clk 0:37:33]} 24. Be5 {[%clk 0:55:08]} Bd6 {[%clk 0:36:25]} 25. Bf6
{[%clk 0:48:58]} Be7 {[%clk 0:36:08]} 26. Qe5 {[%clk 0:47:08]} Bxf6
{[%clk 0:34:17]} 27. Qxf6 {[%clk 0:47:32]} Rd6 {[%clk 0:34:22]} 28. Qe5
{[%clk 0:46:09]} Rcd8 {[%clk 0:31:56]} 29. Nd4 {[%clk 0:44:10]} Ng7
{[%clk 0:27:19]} 30. Be2 {[%clk 0:37:42]} R6d7 {[%clk 0:21:48]} 31. Qxc7
{[%clk 0:37:01]} Rxc7 {[%clk 0:22:14]} 32. Nb5 {[%clk 0:37:14]} Rcc8
{[%clk 0:22:43]} 33. Bf3 {[%clk 0:28:24]} Ba8 {[%clk 0:22:01]} 34. Na7
{[%clk 0:25:40]} Rc7 {[%clk 0:21:46]} 35. Nb5 {[%clk 0:26:09]} Rcc8
{[%clk 0:22:04]} 36. Rd2 {[%clk 0:25:57]} Ne6 {[%clk 0:21:41]} 37. Rcd1
{[%clk 0:21:03]} c4 {[%clk 0:21:02]} 38. bxc4 {[%clk 0:15:20]} Rxc4
{[%clk 0:21:13]} 39. Ra2 {[%clk 0:15:32]} Bc6 {[%clk 0:17:47]} 40. g3
{[%clk 0:15:13]} Rb4 {[%clk 0:15:41]} 41. Na7 {[%clk 0:07:36]} Rxa4
{[%clk 0:07:54]} 42. Nxc6 {[%clk 0:07:45]} Rxa2 {[%clk 0:08:19]} 43. Nxd8
{[%clk 0:08:10]} Nxd8 {[%clk 0:08:45]} 44. Bxd5 {[%clk 0:08:05]} Rb2
{[%clk 0:09:04]} 45. Rc1 {[%clk 0:05:51]} Kg7 {[%clk 0:07:05]} 46. Rc7
{[%clk 0:05:04]} Kf6 {[%clk 0:07:16]} 47. Ra7 {[%clk 0:04:09]} Rb5
{[%clk 0:07:29]} 48. e4 {[%clk 0:04:32]} g5 {[%clk 0:06:48]} 49. f4
{[%clk 0:04:10]} gxf4 {[%clk 0:04:06]} 50. gxf4 {[%clk 0:04:34]} Ne6
{[%clk 0:02:36]} 51. h4 {[%clk 0:02:21]} Rc5 {[%clk 0:02:01]} 52. Kf2
{[%clk 0:00:40]} Nc7 {[%clk 0:02:12]} 53. e5+ {[%clk 0:00:35]} Ke7
{[%clk 0:01:52]} 54. Be4 {[%clk 0:00:57]} f6 {[%clk 0:02:06]} 55. exf6+
{[%clk 0:00:50]} Kxf6 {[%clk 0:02:34]} 56. Bxh7 {[%clk 0:01:17]} Ne6
{[%clk 0:02:47]} 57. Ra6 {[%clk 0:00:50]} Kg7 {[%clk 0:02:42]} 58. Rxe6
{[%clk 0:00:41]} Kxh7 {[%clk 0:03:11]} 59. Kg3 {[%clk 0:01:00]} Rc1
{[%clk 0:02:23]} 60. Ra6 {[%clk 0:00:58]} Ra1 {[%clk 0:02:35]} 61. Kg4
{[%clk 0:01:23]} a4 {[%clk 0:02:56]} 62. Kg5 {[%clk 0:01:24]} a3 {[%clk 0:01:50]}
63. Ra7+ {[%clk 0:01:50]} Kg8 {[%clk 0:02:09]} 64. Kg6 {[%clk 0:01:17]} Rg1+
{[%clk 0:02:30]} 65. Kf6 {[%clk 0:01:24]} Rg4 {[%clk 0:02:30]} 66. f5
{[%clk 0:01:47]} Rxh4 {[%clk 0:02:45]} 67. Ra8+ {[%clk 0:01:44]} Kh7
{[%clk 0:03:10]} 68. Rxa3 {[%clk 0:02:10]} Rb4 {[%clk 0:03:13]} 69. Ra7+
{[%clk 0:02:32]} Kg8 {[%clk 0:03:18]} 70. Ra8+ {[%clk 0:03:01]} Kh7
{[%clk 0:03:42]} 71. Re8 {[%clk 0:03:17]} Rb6+ {[%clk 0:03:44]} 72. Kf7
{[%clk 0:03:41]} Rb5 {[%clk 0:01:47]} 73. f6 {[%clk 0:03:47]} Rb7+
{[%clk 0:02:07]} 74. Re7 {[%clk 0:03:47]} Rb8 {[%clk 0:02:36]} 75. Ra7
{[%clk 0:01:28]} Rc8 {[%clk 0:02:18]} 76. Ra1 {[%clk 0:00:50]} Rc7+
{[%clk 0:02:23]} 77. Ke6 {[%clk 0:00:47]} Rc6+ {[%clk 0:01:51]} 78. Ke7
{[%clk 0:01:16]} Rc7+ {[%clk 0:02:07]} 79. Ke8

[Event "Iran Chess Championship Semi Final 2015 "]
[Site "Rasht , Iran"]
[Date "2015.12.15"]
[Round "5"]
[Board "2"]
[White "Khamisi, S Jafar"]
[Black "Firouzja, Alireza"]
[Result "1/2-1/2"]
[WhiteElo "2224"]
[BlackElo "2372"]
[PlyCount "0"]
[EventDate "2015.12.13"]
[EventRounds "9"]
[EventCountry "IRI"]

1. e4 {[%clk 1:28:36]} c5 {[%clk 1:30:25]} 2. Nc3 {[%clk 1:28:43]} a6
{[%clk 1:30:30]} 3. Nf3 {[%clk 1:28:23]} b5 {[%clk 1:30:13]} 4. d4
{[%clk 1:27:50]} cxd4 {[%clk 1:29:41]} 5. Nxd4 {[%clk 1:27:48]} Bb7
{[%clk 1:30:06]} 6. Bd3 {[%clk 1:26:20]} e6 {[%clk 1:26:02]} 7. Qe2
{[%clk 1:23:01]} d6 {[%clk 1:24:06]} 8. Bd2 {[%clk 1:18:21]} Nd7 {[%clk 1:23:58]}
9. a4 {[%clk 1:17:31]} b4 {[%clk 1:20:41]} 10. Na2 {[%clk 1:16:35]} a5
{[%clk 1:13:28]} 11. c3 {[%clk 1:15:08]} bxc3 {[%clk 1:13:19]} 12. Nxc3
{[%clk 1:15:14]} Ngf6 {[%clk 1:12:34]} 13. Bb5 {[%clk 1:13:48]} Rc8
{[%clk 1:10:01]} 14. f3 {[%clk 0:53:47]} Be7 {[%clk 1:06:42]} 15. Nb3
{[%clk 0:51:13]} O-O {[%clk 1:01:35]} 16. Nd1 {[%clk 0:51:23]} Ra8
{[%clk 1:01:04]} 17. O-O {[%clk 0:51:12]} Qb8 {[%clk 0:57:03]} 18. Kh1
{[%clk 0:46:23]} Bd8 {[%clk 0:56:45]} 19. Qe1 {[%clk 0:46:01]} Ba6
{[%clk 0:50:36]} 20. Bxa6 {[%clk 0:41:45]} Rxa6 {[%clk 0:50:49]} 21. Qe2
{[%clk 0:34:18]} Qb7 {[%clk 0:49:35]} 22. Nc3 {[%clk 0:31:08]} 1/2-1/2